|
|
|
|
| LEADER |
00000nam1a2200000 4500 |
| 001 |
303480 |
| 005 |
20231102001616.0 |
| 020 |
|
|
|a RU
|b 83-14950
|
| 035 |
|
|
|a (RuTPU)RU\TPU\book\328703
|
| 090 |
|
|
|a 303480
|
| 100 |
|
|
|a 20150902d1983 km y0rusy5003 ca
|
| 101 |
0 |
|
|a rus
|
| 200 |
1 |
|
|a Технолог и экономика
|f Л. В. Барташев
|
| 210 |
|
|
|a Москва
|c Машиностроение
|d 1983
|
| 215 |
|
|
|a 152 с.
|c ил.
|
| 320 |
|
|
|a Библиогр.: с. 148-151
|
| 606 |
1 |
|
|a Машиностроение
|x Внедрение передовой технологии и техники
|2 stltpush
|3 (RuTPU)RU\TPU\subj\41429
|9 61220
|
| 610 |
1 |
|
|a экономическая эффективность
|
| 610 |
1 |
|
|a технологи
|
| 610 |
1 |
|
|a технологии
|
| 610 |
1 |
|
|a научно-технический прогресс
|
| 610 |
1 |
|
|a технико-экономические расчеты
|
| 610 |
1 |
|
|a заготовки
|
| 610 |
1 |
|
|a получение
|
| 610 |
1 |
|
|a экономия
|
| 610 |
1 |
|
|a материалы
|
| 610 |
1 |
|
|a выбор
|
| 610 |
1 |
|
|a экономика
|
| 610 |
1 |
|
|a холодная обработка
|
| 610 |
1 |
|
|a механическая обработка
|
| 610 |
1 |
|
|a электрофизические методы
|
| 610 |
1 |
|
|a сборка
|
| 610 |
1 |
|
|a сварка
|
| 610 |
1 |
|
|a склеивание
|
| 675 |
|
|
|a 621.002:658589
|z rus
|v 3
|
| 700 |
|
1 |
|a Барташев
|b Л. В.
|g Леонид Вениаминович
|4 070
|
| 801 |
|
0 |
|a RU
|b RuMRKP
|c 19950704
|g psbo
|
| 801 |
|
1 |
|a RU
|b 63413507
|c 20150902
|
| 801 |
|
2 |
|a RU
|b 63413507
|c 20190701
|g RCR
|
| 942 |
|
|
|c BK
|